[Event "SVK-chT2C 2122"]
[Site "Slovakia"]
[Date "2022.04.30"]
[Round "10.4"]
[White "Pekar, Karol"]
[Black "Listiak, Juraj"]
[Result "1/2-1/2"]
[WhiteElo "2097"]
[BlackElo "1927"]
[PlyCount "35"]
[EventDate "2021.10.16"]
[EventType "team-tourn"]
[EventRounds "11"]
[EventCountry "SVK"]
[SourceTitle "EXT 2023"]
[Source "ChessBase"]
[SourceDate "2022.10.05"]
[SourceVersion "1"]
[SourceVersionDate "2022.10.05"]
[SourceQuality "1"]
[WhiteTeam "Liptov Chess School III"]
[BlackTeam "Banska Bystrica Kurta"]
[WhiteTeamCountry "SVK"]
[BlackTeamCountry "SVK"]

1. e4 e6 2. d4 d5 3. Nc3 dxe4 4. Nxe4 Bd7 5. Nf3 Bc6 6. Bd3 Nd7 7. 0-0 Ngf6 8. Qe2 Nxe4 9. Bxe4 Bxe4 10. Qxe4 c6 11. c4 Nf6 12. Qh4 Be7 13. Bg5 0-0 14. Qh3 Ne4 15. Bxe7 Qxe7 16. Rfe1 Ng5 17. Nxg5 Qxg5 18. Qe3 1/2-1/2

[Event "SVK-chT2C 2122"]
[Site "Slovakia"]
[Date "2022.02.05"]
[Round "3.6"]
[White "Pekar, Karol"]
[Black "Staffen, Richard"]
[Result "1/2-1/2"]
[WhiteElo "2092"]
[BlackElo "2009"]
[PlyCount "55"]
[EventDate "2021.10.16"]
[EventType "team-tourn"]
[EventRounds "11"]
[EventCountry "SVK"]
[SourceTitle "EXT 2023"]
[Source "ChessBase"]
[SourceDate "2022.10.05"]
[SourceVersion "1"]
[SourceVersionDate "2022.10.05"]
[SourceQuality "1"]
[WhiteTeam "Liptov Chess School III"]
[BlackTeam "Zilina Mladost II"]
[WhiteTeamCountry "SVK"]
[BlackTeamCountry "SVK"]

1. e4 c5 2. c3 Nf6 3. e5 Nd5 4. d4 e6 5. c4 Nb6 6. d5 d6 7. exd6 Bxd6 8. Nc3 0-0 9. Bd3 Re8 10. Nge2 exd5 11. cxd5 c4 12. Bc2 Bg4 13. Be3 Qh4 14. Qd2 Bxe2 15. Nxe2 Na6 16. 0-0-0 Bb4 17. Nc3 Qh5 18. g4 Qe5 19. Bf4 Bxc3 20. bxc3 Qe7 21. d6 Qd7 22. f3 Nc5 23. Bf5 Qb5 24. Qc2 g6 25. Be4 Rxe4 26. fxe4 Nd3+ 27. Rxd3 cxd3 28. Qb3 1/2-1/2

[Event "SVK-chT2C 1920"]
[Site "Slovakia"]
[Date "2020.01.26"]
[Round "7.5"]
[White "Pekar, Karol"]
[Black "Tuzinsky, Michal"]
[Result "1/2-1/2"]
[WhiteElo "2106"]
[BlackElo "1953"]
[PlyCount "29"]
[EventDate "2019.10.26"]
[EventType "team-tourn"]
[EventRounds "11"]
[EventCountry "SVK"]
[SourceTitle "CBM 194 Extra"]
[Source "ChessBase"]
[SourceDate "2020.03.31"]
[SourceVersion "1"]
[SourceVersionDate "2020.03.31"]
[SourceQuality "1"]
[WhiteTeam "Liptov Chess School III"]
[BlackTeam "Ruzomberok Montana"]
[WhiteTeamCountry "SVK"]
[BlackTeamCountry "SVK"]

1. d4 d5 2. Nc3 Bf5 3. f3 Nf6 4. Bg5 c6 5. e3 Nbd7 6. Bd3 Bxd3 7. Qxd3 e5 8. Nge2 Qc7 9. Ng3 h6 10. Bxf6 Nxf6 11. 0-0-0 g6 12. e4 0-0-0 13. dxe5 Qxe5 14. exd5 Nxd5 15. Nxd5 1/2-1/2

[Event "SVK-chT1E 1617"]
[Site "Slovakia"]
[Date "2016.11.19"]
[Round "3.8"]
[White "Galvanek, Ladislav"]
[Black "Pekar, Karol"]
[Result "1/2-1/2"]
[WhiteElo "1954"]
[BlackElo "2075"]
[PlyCount "40"]
[EventDate "2016.10.15"]
[EventType "team-tourn"]
[EventRounds "11"]
[EventCountry "SVK"]
[SourceTitle "EXT 2018"]
[Source "ChessBase"]
[SourceDate "2017.10.13"]
[SourceVersion "1"]
[SourceVersionDate "2017.10.13"]
[SourceQuality "1"]
[WhiteTeam "Kysucke Nove Mesto"]
[BlackTeam "Liptov Chess School II"]
[WhiteTeamCountry "SVK"]
[BlackTeamCountry "SVK"]

1. d4 e6 2. Nf3 f5 3. g3 Nf6 4. Bg2 d5 5. 0-0 Be7 6. c4 c6 7. b3 0-0 8. Ba3 Ne4 9. Qc2 Bxa3 10. Nxa3 Qe7 11. Qb2 Nd7 12. Nc2 Rf6 13. Nce1 Rh6 14. Nd3 Ndf6 15. Nfe5 Bd7 16. Rae1 Rf8 17. Qc1 Be8 18. f3 Nd6 19. Nf2 Bg6 20. e3 Nd7 1/2-1/2

[Event "SVK-chT 1516"]
[Site "Slovakia"]
[Date "2015.11.22"]
[Round "4.4"]
[White "Nemergut, Patrik"]
[Black "Pekar, Karol"]
[Result "1/2-1/2"]
[WhiteElo "2053"]
[BlackElo "2085"]
[PlyCount "42"]
[EventDate "2015.10.10"]
[EventType "team-tourn"]
[EventRounds "11"]
[EventCountry "SVK"]
[SourceTitle "EXT 2017"]
[Source "ChessBase"]
[SourceDate "2016.10.25"]
[SourceVersion "1"]
[SourceVersionDate "2016.10.25"]
[SourceQuality "1"]
[WhiteTeam "Stara Lubovna Angelus"]
[BlackTeam "Liptov Chess School"]
[WhiteTeamCountry "SVK"]
[BlackTeamCountry "SVK"]

1. e4 d6 2. d4 Nf6 3. Nc3 c6 4. Nf3 Bg4 5. Bc4 b5 6. Bxf7+ Kxf7 7. e5 Qd7 8. exf6 exf6 9. h3 Bf5 10. 0-0 d5 11. Bf4 Bd6 12. Qd2 Qc7 13. Bxd6 Qxd6 14. Rae1 Nd7 15. Re3 Rhe8 16. Nh4 Bg6 17. Rg3 b4 18. Ne2 Re4 19. Nxg6 hxg6 20. Rb3 a5 21. Ng3 Qf4 1/2-1/2

[Event "SVK-chT2C 1516"]
[Site "Slovakia"]
[Date "2015.10.17"]
[Round "1.4"]
[White "Kukucka, Matej"]
[Black "Pekar, Karol"]
[Result "1/2-1/2"]
[WhiteElo "2120"]
[BlackElo "2094"]
[PlyCount "73"]
[EventDate "2015.10.17"]
[EventType "team-tourn"]
[EventRounds "11"]
[EventCountry "SVK"]
[SourceTitle "CBM 169 Extra"]
[Source "ChessBase"]
[SourceDate "2015.12.18"]
[SourceVersion "1"]
[SourceVersionDate "2015.12.18"]
[SourceQuality "1"]
[WhiteTeam "Kysucke Nove Mesto"]
[BlackTeam "Liptov Chess School III"]
[WhiteTeamCountry "SVK"]
[BlackTeamCountry "SVK"]

1. d4 d6 2. c4 Nf6 3. Nc3 Nbd7 4. Nf3 c6 5. Qc2 e5 6. Bg5 Qc7 7. e3 g6 8. Bd3 Bg7 9. 0-0-0 Nf8 10. dxe5 dxe5 11. Bxf6 Bxf6 12. Ne4 Be7 13. c5 Bg4 14. Bc4 Bxf3 15. gxf3 Nd7 16. Nd6+ Bxd6 17. Rxd6 0-0-0 18. b4 Nb8 19. Rhd1 Rxd6 20. cxd6 Qd7 21. Qb3 Rf8 22. Qc3 Qf5 23. b5 Qd7 24. Qxe5 Kd8 25. Qf6+ Kc8 26. Qg7 Qe8 27. bxc6 bxc6 28. Ba6+ Kd7 29. Bf1 Kc8 30. Bh3+ Nd7 31. Qc3 Kb7 32. Rd2 Nb6 33. d7 Qe7 34. Rc2 Qd6 35. Rd2 Qe7 36. Rc2 Qd6 37. Rd2 1/2-1/2

[Event "SVK-ch Amateurs"]
[Site "Stara Lubovna"]
[Date "2015.05.09"]
[Round "6"]
[White "Pekar, Karol"]
[Black "Bradac, Roman"]
[Result "1/2-1/2"]
[WhiteElo "2110"]
[BlackElo "2043"]
[PlyCount "21"]
[EventDate "2015.05.07"]
[EventType "swiss"]
[EventRounds "7"]
[EventCountry "SVK"]
[SourceTitle "EXT 2017"]
[Source "ChessBase"]
[SourceDate "2016.10.25"]
[SourceVersion "1"]
[SourceVersionDate "2016.10.25"]
[SourceQuality "1"]

1. e4 c5 2. Nc3 g6 3. g3 Bg7 4. Bg2 Nc6 5. d3 d6 6. Be3 Nf6 7. h3 0-0 8. Qd2 Nd4 9. Nce2 e5 10. c3 Nxe2 11. Nxe2 1/2-1/2

[Event "SVK-ch Amateurs"]
[Site "Stara Lubovna"]
[Date "2015.05.08"]
[Round "4"]
[White "Pekar, Karol"]
[Black "Jurov, Pavol"]
[Result "1-0"]
[WhiteElo "2110"]
[BlackElo "2008"]
[PlyCount "87"]
[EventDate "2015.05.07"]
[EventType "swiss"]
[EventRounds "7"]
[EventCountry "SVK"]
[SourceTitle "EXT 2017"]
[Source "ChessBase"]
[SourceDate "2016.10.25"]
[SourceVersion "1"]
[SourceVersionDate "2016.10.25"]
[SourceQuality "1"]

1. d4 d5 2. Nc3 f5 3. Bf4 a6 4. e3 Nf6 5. Bd3 e6 6. Nf3 c5 7. 0-0 Nc6 8. Be5 Nxe5 9. dxe5 Nd7 10. Bxf5 exf5 11. Qxd5 Nb6 12. Qxd8+ Kxd8 13. Rfd1+ Kc7 14. a4 Be7 15. a5 Be6 16. axb6+ Kxb6 17. Nd5+ Bxd5 18. Rxd5 Rad8 19. c4 Rhe8 20. Nd2 Kc6 21. Nb3 Rxd5 22. Na5+ Kd7 23. cxd5 Bd8 24. Nxb7 Rxe5 25. Nxc5+ Kd6 26. Nb7+ Kc7 27. Nxd8 Kxd8 28. Rxa6 Rxd5 29. Kf1 Ke7 30. Ke2 Rb5 31. Ra2 Ke6 32. Kd3 Rd5+ 33. Kc3 Rc5+ 34. Kb3 Rd5 35. Ra6+ Kf7 36. Rc6 Rd1 37. Rc2 g5 38. Kc4 Rh1 39. b4 Rxh2 40. b5 Rxg2 41. b6 Rg1 42. Rb2 Rc1+ 43. Kd5 Rc8 44. b7 1-0

[Event "SVK-chT2C 1415"]
[Site "Slovakia"]
[Date "2015.03.07"]
[Round "10.4"]
[White "Pekar, Karol"]
[Black "Horsak, Jan"]
[Result "1-0"]
[WhiteElo "2101"]
[BlackElo "2049"]
[PlyCount "120"]
[EventDate "2014.10.11"]
[EventType "team-tourn"]
[EventRounds "11"]
[EventCountry "SVK"]
[SourceTitle "EXT 2016"]
[Source "ChessBase"]
[SourceDate "2015.10.08"]
[SourceVersion "1"]
[SourceVersionDate "2015.10.08"]
[SourceQuality "1"]
[WhiteTeam "Liptov Chess School III"]
[BlackTeam "Rajecke Teplice"]
[WhiteTeamCountry "SVK"]
[BlackTeamCountry "SVK"]

1. d4 Nf6 2. Nc3 d5 3. Bg5 Bf5 4. Bxf6 gxf6 5. e3 c6 6. Bd3 Bg6 7. Nf3 Nd7 8. 0-0 Bg7 9. e4 dxe4 10. Nxe4 0-0 11. Qe2 Qc7 12. Ng3 Rae8 13. Nf5 e5 14. dxe5 fxe5 15. Nxg7 Kxg7 16. Bxg6 hxg6 17. Rad1 Rh8 18. g3 e4 19. Nh4 Nf6 20. Qe3 Rh5 21. f4 Qb6 22. Qxb6 axb6 23. Rfe1 Rd5 24. Ng2 Red8 25. Ne3 Rd2 26. Kf1 Rxd1 27. Rxd1 Rxd1+ 28. Nxd1 Nd5 29. a3 f5 30. c4 Nc7 31. Ke2 Kf6 32. h4 Ke7 33. Ke3 Kd6 34. g4 Ne6 35. h5 gxh5 36. gxf5 Nc5 37. b4 Nd7 38. Kxe4 Nf6+ 39. Kf3 b5 40. cxb5 c5 41. Ne3 cxb4 42. axb4 Ne8 43. Kg3 Ke7 44. Kh4 Kf6 45. Kxh5 Nd6 46. Kg4 Nxb5 47. Nd5+ Kf7 48. Kg5 Nd6 49. f6 Ke6 50. Nc3 Kf7 51. f5 b5 52. Nd5 Nc4 53. Kf4 Nd6 54. Ke5 Nc4+ 55. Kd4 Nd6 56. Kc5 Nxf5 57. Kxb5 Nd6+ 58. Kc6 Nf5 59. Kc5 Ke6 60. b5 Nd6 1-0

[Event "SVK-chT2C 1415"]
[Site "Slovakia"]
[Date "2015.02.14"]
[Round "8.5"]
[White "Kolesar, Peter"]
[Black "Pekar, Karol"]
[Result "1-0"]
[WhiteElo "1847"]
[BlackElo "2101"]
[PlyCount "179"]
[EventDate "2014.10.11"]
[EventType "team-tourn"]
[EventRounds "11"]
[EventCountry "SVK"]
[SourceTitle "EXT 2016"]
[Source "ChessBase"]
[SourceDate "2015.10.08"]
[SourceVersion "1"]
[SourceVersionDate "2015.10.08"]
[SourceQuality "1"]
[WhiteTeam "Podbrezova ZP Sport"]
[BlackTeam "Liptov Chess School III"]
[WhiteTeamCountry "SVK"]
[BlackTeamCountry "SVK"]

1. e4 d6 2. d4 Nf6 3. Nc3 c6 4. Nf3 Bg4 5. Be2 Nbd7 6. 0-0 e5 7. h3 Bxf3 8. Bxf3 Be7 9. Rb1 0-0 10. d5 cxd5 11. Nxd5 Nxd5 12. Qxd5 Qc7 13. Be3 Qc6 14. Rfd1 Nb6 15. Bxb6 axb6 16. a3 Ra5 17. Qd3 Rc5 18. c3 g6 19. Qe3 Kg7 20. Rd3 Rc8 21. Rbd1 Qa4 22. R1d2 h6 23. Bd1 Qc6 24. Qf3 Qe8 25. Bb3 Rd8 26. Bd5 Bg5 27. Rd1 Qe7 28. g3 Rcc8 29. h4 Bf6 30. Qe3 Qc7 31. Qe2 Rd7 32. h5 Rf8 33. Qg4 Bg5 34. hxg6 fxg6 35. Rf3 Rxf3 36. Qxf3 Qd8 37. Qg4 Qe7 38. Rd3 Rd8 39. Rf3 Bf6 40. Kg2 h5 41. Qh3 Qd7 42. c4 Qxh3+ 43. Kxh3 Rd7 44. Rb3 Bd8 45. Rb4 Kf6 46. Ra4 g5 47. Ra8 Ke7 48. Rb8 Rc7 49. a4 Kd7 50. b3 h4 51. gxh4 gxh4 52. Bxb7 Ke8 53. Bc8 Rg7 54. Bg4 Rg8 55. b4 Rf8 56. f3 Kf7 57. Rb7+ Kf6 58. Kxh4 Rh8+ 59. Kg3 Rh1 60. Rd7 Be7 61. a5 bxa5 62. bxa5 Ra1 63. Ra7 Ra4 64. a6 Rxc4 65. Ra8 Ra4 66. Bd7 Ra3 67. Bc6 d5 68. Bxd5 Bc5 69. Bb7 Bd4 70. Rd8 Ra1 71. Rd6+ Ke7 72. Rd5 Kf6 73. f4 exf4+ 74. Kxf4 Ba7 75. Rd6+ Ke7 76. Rh6 Rf1+ 77. Ke5 Bb8+ 78. Kd5 Rd1+ 79. Kc4 Rc1+ 80. Kd3 Rd1+ 81. Ke2 Ra1 82. Bd5 Kd8 83. Kd3 Ra4 84. Bc4 Ra3+ 85. Kd4 Ba7+ 86. Kd5 Ra5+ 87. Kd6 Bb8+ 88. Kc6 Ra4 89. Rh8+ Ke7 90. Bb5 1-0

[Event "SVK-chT1E 1112"]
[Site "Slovakia"]
[Date "2012.02.04"]
[Round "8.5"]
[White "Pekar, Karol"]
[Black "Dujava, Daniel"]
[Result "1/2-1/2"]
[WhiteElo "2132"]
[BlackElo "1823"]
[PlyCount "90"]
[EventDate "2011.10.15"]
[EventType "team-tourn"]
[EventRounds "11"]
[EventCountry "SVK"]
[SourceTitle "EXT 2013"]
[Source "ChessBase"]
[SourceDate "2012.11.22"]
[SourceVersion "1"]
[SourceVersionDate "2012.11.22"]
[SourceQuality "1"]
[WhiteTeam "Liptov Chess School"]
[BlackTeam "Sabinov II"]
[WhiteTeamCountry "SVK"]
[BlackTeamCountry "SVK"]

1. e4 c5 2. c3 d5 3. exd5 Qxd5 4. d4 Nf6 5. Nf3 e6 6. Be2 cxd4 7. cxd4 Be7 8. Nc3 Qd6 9. 0-0 Nc6 10. Nb5 Qd8 11. Ne5 0-0 12. Bf3 Qb6 13. a4 a6 14. Nxc6 bxc6 15. Nc3 Rd8 16. a5 Qc7 17. Qa4 Rb8 18. Qxc6 Qxc6 19. Bxc6 Rxd4 20. Na4 Bd7 21. Be3 Rc4 22. Bxd7 Nxd7 23. Nb6 Nxb6 24. axb6 Bc5 25. Bxc5 Rxc5 26. Rxa6 Rb5 27. Rb1 R5xb6 28. Rxb6 Rxb6 29. b4 Kf8 30. Kf1 Ke7 31. Ke2 Kd6 32. Kd3 Kc6 33. Kc4 Rb5 34. g3 Rf5 35. f4 e5 36. fxe5 Rxe5 37. Rd1 Re2 38. h4 Re3 39. g4 Rh3 40. h5 Rh4 41. b5+ Kc7 42. Rd4 f5 43. gxf5 Rxh5 44. Rg4 Rxf5 45. Rxg7+ Kb6 1/2-1/2

[Event "SVK-chT1E 1112"]
[Site "Slovakia"]
[Date "2011.10.15"]
[Round "1.4"]
[White "Pekar, Karol"]
[Black "Koval, Anton"]
[Result "1/2-1/2"]
[WhiteElo "2132"]
[BlackElo "2177"]
[PlyCount "44"]
[EventDate "2011.10.15"]
[EventType "team-tourn"]
[EventRounds "11"]
[EventCountry "SVK"]
[SourceTitle "EXT 2013"]
[Source "ChessBase"]
[SourceDate "2012.11.22"]
[SourceVersion "1"]
[SourceVersionDate "2012.11.22"]
[SourceQuality "1"]
[WhiteTeam "Liptov Chess School"]
[BlackTeam "Bardejov"]
[WhiteTeamCountry "SVK"]
[BlackTeamCountry "SVK"]

1. d4 d5 2. Nc3 g6 3. e4 dxe4 4. Nxe4 Bg7 5. c3 Nd7 6. Bc4 e6 7. Nf3 Ngf6 8. Nxf6+ Nxf6 9. 0-0 0-0 10. Qe2 Nd5 11. Ne5 Qd6 12. Bb3 c5 13. Nc4 Qc7 14. dxc5 Qxc5 15. Qf3 Bd7 16. Ne3 Nxe3 17. Bxe3 Qc7 18. Rfd1 Bc6 19. Qh3 Rfd8 20. Bg5 Rxd1+ 21. Rxd1 Qe5 22. Qe3 Qxe3 1/2-1/2